[Event "NED-ch U17 Girls"]
[Site "Venlo"]
[Date "2007.05.04"]
[Round "7"]
[White "Dirksen, Marieke"]
[Black "Budde, Esther"]
[Result "1-0"]
[WhiteElo "1590"]
[BlackElo "1297"]
[PlyCount "77"]
[EventDate "2007.04.30"]
[EventType "swiss"]
[EventRounds "9"]
[EventCountry "NED"]
[SourceTitle "EXT 2009"]
[Source "ChessBase"]
[SourceDate "2008.11.26"]
[SourceVersion "1"]
[SourceVersionDate "2008.11.26"]
[SourceQuality "1"]

1. e4 e5 2. Nf3 Nc6 3. d4 exd4 4. Nxd4 Bc5 5. Be3 Bxd4 6. Bxd4 Nf6 7. Nc3 0-0 8. Be2 Re8 9. f3 d5 10. Bxf6 Qxf6 11. Nxd5 Qd6 12. 0-0 Nb4 13. Nxb4 Qxb4 14. Qc1 Be6 15. c3 Qc5+ 16. Kh1 Bc4 17. Bxc4 Qxc4 18. b3 Qc6 19. Qe3 b6 20. Rad1 Rad8 21. Kg1 h6 22. Rd4 Qe6 23. Rfd1 Rxd4 24. cxd4 f5 25. e5 c5 26. f4 cxd4 27. Rxd4 Kh7 28. g3 Re7 29. Qd3 Qc6 30. Qxf5+ Qg6 31. Qxg6+ Kxg6 32. Kf2 Kf5 33. Kf3 g5 34. Rd6 Re6 35. g4+ Kg6 36. f5+ Kf7 37. Rxe6 Kg7 38. Rg6+ Kh7 39. e6 1-0